Utopía / (Registro nro. 9131)
[ vista simple ]
| 000 -LIDER | |
|---|---|
| fixed length control field | 00721nam a2200253 a 4500 |
| 001 - NÚMERO DE CONTROL | |
| Identificador de número de control | 000037638 |
| 003 - IDENTIFICACDOR DE NÚMERO DE CONTROL | |
| control field | DO-SdBNP |
| 005 - DATE AND TIME OF LATEST TRANSACTION | |
| control field | 20230928124734.0 |
| 007 - CAMPOS FIJOS DE DESCRIPCIÓN FÍSICA | |
| fixed length control field | 000037638 |
| 008 - ELEMENTOS DE LONGITUD FIJA | |
| fixed length control field | 121010s2004 sp 000 0 spa d |
| 020 ## - ISBN | |
| International Standard Book Number | 8484034267 |
| 040 ## - FUENTE DE CATALOGACIÓN | |
| Agencia que crea de manera original el registro | BPMSU |
| Agencia que realiza la modificación | spa |
| Agencia que realiza la transcripción | BPMSU |
| 082 #4 - NÚMERO DE CLASIFICACIÓN DECIMAL DE DEWEY | |
| Classification number | 321.07 |
| Edition number | 22 |
| Item number | M867u 2004 |
| 100 1# - ASIENTO PRINCIPAL -- NOMBRE PERSONAL | |
| Nombre personal | Moro, Tomás Sir, |
| Fechas asociadas con el nombre | 1478-1535. |
| Títulos u otras palabras asociadas con el nombre | Santo |
| 245 10 - MENCIÓN DE TITULO | |
| Título | Utopía / |
| Mención de responsabilidad | Tomás Moro |
| 260 ## - PUBLICACIÓN, DISTRIBUCIÓN, ETC. (PIE DE IMPRENTA) | |
| Lugar de publicación, distribución, etc | Madrid : |
| Nombre del editor, distribuidor, etc. | Editorial MV Fenix, |
| Fecha de publicación, distribución, etc | 2004 |
| 300 ## - DESCRIPCIÓN FÍSICA | |
| Extensión | 158 p. : |
| Dimensiones | 23 cm. |
| 490 0# - MENCIÓN DE SERIES | |
| Mención de serie | Clásicos selección |
| 590 ## - NOTA LOCAL | |
| Texto de la nota local | Inventariado, 2023/VM |
| 650 #4 - ENCABEZAMIENTO DE MATERIA--TEMÁTICO | |
| Término temático o nombre geográfico como elemento de entrada | Utopías |
| 650 #4 - ENCABEZAMIENTO DE MATERIA--TEMÁTICO | |
| Término temático o nombre geográfico como elemento de entrada | Iglesia y Estado |
| Subdivisión geográfica | Gran Bretaña |
| Subdivisión temática general | Historia |
| Subdivisión cronológica | Siglo XVII. |
| 910 ## - VALIDACIÓN | |
| Validación | VMateo V. Control de calidad. BPMSU |
| 942 ## - ADDED ENTRY ELEMENTS (KOHA) | |
| Source of classification or shelving scheme | Dewey Decimal Classification |
| Koha item type | Libros |
| Withdrawn status | Lost status | Source of classification or shelving scheme | Damaged status | Not for loan | Collection code | Home library | Current library | Date acquired | Source of acquisition | Total Checkouts | Full call number | Barcode | Date last seen | Price effective from | Koha item type |
|---|---|---|---|---|---|---|---|---|---|---|---|---|---|---|---|
| Dewey Decimal Classification | Colección General | Biblioteca Pública Metropolitana Salomé Ureña | Biblioteca Pública Metropolitana Salomé Ureña | 12/17/2015 | FUNDI | BPMSU CG 321.07 M867u 2004 | BPMSU15120166 | 12/17/2015 | 12/17/2015 | Libros |